<?xml version="1.0" encoding="UTF-8"?>
<record
    xmlns:xsi="http://www.w3.org/2001/XMLSchema-instance"
    xsi:schemaLocation="http://www.loc.gov/MARC21/slim http://www.loc.gov/standards/marcxml/schema/MARC21slim.xsd"
    xmlns="http://www.loc.gov/MARC21/slim">

  <leader>00625nam a2200145Ia 4500</leader>
  <controlfield tag="001">1381</controlfield>
  <controlfield tag="008">241024s9999    xx            000 0 und d</controlfield>
  <datafield tag="082" ind1=" " ind2=" ">
    <subfield code="a">RD/370.71/G892a/2008 LIBRO NO ESTA</subfield>
  </datafield>
  <datafield tag="100" ind1=" " ind2=" ">
    <subfield code="a">Rep&#xFA;blica Dominicana.Grupo Gesti&#xF3;n Moderna, Gestar Estado,Sociedad y Pol&#xED;ticas P&#xFA;blicas</subfield>
  </datafield>
  <datafield tag="245" ind1=" " ind2="0">
    <subfield code="a">Asistencia t&#xE9;cnica de apoyo a la Secretar&#xED;a de Estado de Educaci&#xF3;n de la Rep&#xFA;blica Dominicana en la Creaci&#xF3;n y puesta en marcha de un sistema nacional de Evaluaci&#xF3;n e Investigaci&#xF3;n de la Calidad Educativa</subfield>
  </datafield>
  <datafield tag="260" ind1=" " ind2=" ">
    <subfield code="b">Santo Domingo</subfield>
    <subfield code="c">2008</subfield>
  </datafield>
  <datafield tag="590" ind1=" " ind2=" ">
    <subfield code="a">si</subfield>
  </datafield>
  <datafield tag="901" ind1=" " ind2=" ">
    <subfield code="a">29/3/2011 3:28:52 p.m.</subfield>
  </datafield>
  <datafield tag="999" ind1=" " ind2=" ">
    <subfield code="c">9232</subfield>
    <subfield code="d">9232</subfield>
  </datafield>
</record>
